<?xml version="1.0" encoding="UTF-8"?>
<record
    xmlns:xsi="http://www.w3.org/2001/XMLSchema-instance"
    xsi:schemaLocation="http://www.loc.gov/MARC21/slim http://www.loc.gov/standards/marcxml/schema/MARC21slim.xsd"
    xmlns="http://www.loc.gov/MARC21/slim">

  <leader>01278nam a2200241 a 4500</leader>
  <controlfield tag="001">BRCA_5394</controlfield>
  <controlfield tag="005">20190320205047.0</controlfield>
  <datafield tag="084" ind1=" " ind2=" ">
    <subfield code="a">DOC31</subfield>
    <subfield code="b">.I88</subfield>
    <subfield code="c">1821</subfield>
  </datafield>
  <datafield tag="100" ind1="1" ind2=" ">
    <subfield code="a">Iturbide, Agust&#xED;n de</subfield>
    <subfield code="d">1783-1824</subfield>
    <subfield code="9">13792</subfield>
  </datafield>
  <datafield tag="245" ind1="1" ind2="0">
    <subfield code="a">Documento firmado por Agust&#xED;n de Iturbide</subfield>
    <subfield code="c">Agust&#xED;n de Iturbide, Jos&#xE9; Ignacio Lazo.</subfield>
  </datafield>
  <datafield tag="260" ind1=" " ind2=" ">
    <subfield code="a">M&#xE9;xico</subfield>
    <subfield code="c">1821</subfield>
  </datafield>
  <datafield tag="300" ind1=" " ind2=" ">
    <subfield code="a">[2] fojas</subfield>
    <subfield code="c">21 x 16 cm.</subfield>
  </datafield>
  <datafield tag="500" ind1=" " ind2=" ">
    <subfield code="a">Carta firmada en julio de 1821</subfield>
  </datafield>
  <datafield tag="500" ind1=" " ind2=" ">
    <subfield code="a">Carta de Don Agust&#xED;n de Iturbide dirigida a Don Jos&#xE9; Ignacio Lazo en la que le ofrece resguardo adjunto con la situaci&#xF3;n de descontento y de desorden que priva en el pa&#xED;s acompa&#xF1;an al mismo, 200 ejemplares m&#xE1;s para llenarlos con los nombres de las personas cuya conducta lo justifique</subfield>
  </datafield>
  <datafield tag="500" ind1=" " ind2=" ">
    <subfield code="a">Estado de conservaci&#xF3;n: contiene manchas de acidez y m&#xE1;rgenes maltratados</subfield>
  </datafield>
  <datafield tag="506" ind1="0" ind2=" ">
    <subfield code="a">Fondo reservado: para su consulta es necesario credencial de usuario y carta de motivos</subfield>
  </datafield>
  <datafield tag="546" ind1=" " ind2=" ">
    <subfield code="a">Texto en: espa&#xF1;ol de principios del siglo XIX</subfield>
  </datafield>
  <datafield tag="600" ind1="1" ind2="4">
    <subfield code="a">Iturbide, Agust&#xED;n de</subfield>
    <subfield code="c">Militar</subfield>
    <subfield code="d">1783-1824</subfield>
    <subfield code="q">Iturbide y Ar&#xE1;mburu, Agust&#xED;n Cosme Dami&#xE1;n de</subfield>
    <subfield code="9">13793</subfield>
  </datafield>
  <datafield tag="651" ind1=" " ind2="4">
    <subfield code="a">M&#xE9;xico</subfield>
    <subfield code="v">Impreso con r&#xFA;bricas</subfield>
    <subfield code="x">Historia</subfield>
    <subfield code="y">Guerra de Independencia, 1810-1821</subfield>
    <subfield code="9">12848</subfield>
  </datafield>
  <datafield tag="700" ind1="1" ind2=" ">
    <subfield code="a">Lazo, Jos&#xE9; Ignacio</subfield>
    <subfield code="9">13794</subfield>
  </datafield>
  <datafield tag="902" ind1=" " ind2=" ">
    <subfield code="a">FDH</subfield>
  </datafield>
  <datafield tag="942" ind1=" " ind2=" ">
    <subfield code="2">lcc</subfield>
    <subfield code="c">D</subfield>
  </datafield>
  <datafield tag="999" ind1=" " ind2=" ">
    <subfield code="c">5088</subfield>
    <subfield code="d">5088</subfield>
  </datafield>
  <datafield tag="952" ind1=" " ind2=" ">
    <subfield code="0">0</subfield>
    <subfield code="1">0</subfield>
    <subfield code="4">0</subfield>
    <subfield code="7">0</subfield>
    <subfield code="a">BRCA</subfield>
    <subfield code="b">BRCA</subfield>
    <subfield code="d">2010-12-09</subfield>
    <subfield code="l">0</subfield>
    <subfield code="o">DOC31 .I88 1821</subfield>
    <subfield code="p">5829</subfield>
    <subfield code="r">2019-03-22 00:00:00</subfield>
    <subfield code="w">2019-03-22</subfield>
    <subfield code="y">D</subfield>
  </datafield>
</record>
